书目信息 |
| 题名: |
矩阵特征问题的计算方法
|
|
| 作者: | 高尔腊伊 , Gourlay , 瓦特桑 , Watson 著 ;唐焕文 译 | |
| 分册: | ||
| 出版信息: | 上海 上海科学技术出版社 1980 |
|
| 页数: | 153页 | |
| 开本: | 19cm | |
| 丛书名: | ||
| 单 册: | ||
| 中图分类: | O241.6 , O151.2 | |
| 科图分类: | ||
| 主题词: | 矩阵--计算方法 , 代数 , 数论 , 组合数学 | |
| 电子资源: | ||
| ISBN: | ||
| 000 | 01121nam0 2200361 45 | |
| 001 | 0180005030 | |
| 005 | 20040513103213.0 | |
| 010 | @dCNY0.50 | |
| 091 | @a13119.884 | |
| 100 | @a19950703d1980 em y0chiy0121 ea | |
| 101 | 1 | @achi@ceng |
| 102 | @aCN@b310000 | |
| 105 | @ay z 000yy | |
| 106 | @ar | |
| 200 | 10 | @a矩阵特征问题的计算方法@Aju zhen te zheng wen ti de ji suan fang fa@f()高尔腊伊(A.R. Gourlay),()瓦特桑(G.A. Vatson)著@g唐焕文等译 |
| 210 | @a上海@c上海科学技术出版社@d1980 | |
| 215 | @a153页@d19cm | |
| 300 | @a书名原文:Computational methods for matrix eigenproblems | |
| 510 | 1 | @aComputational methods for matrix eigenproblems@zeng |
| 606 | @a矩阵@x计算方法 | |
| 606 | 0 | @a代数 |
| 606 | 0 | @a数论 |
| 606 | 0 | @a组合数学 |
| 690 | @aO241.6@v3 | |
| 690 | @aO151.2 | |
| 701 | 1 | @a高尔腊伊@Agao er la yi@bA.R.@4著 |
| 701 | A1 | @aGourlay@bA.R.@4著 |
| 701 | 1 | @a瓦特桑@Awa te sang@bG.A.@4著 |
| 701 | A1 | @aWatson@bG.A.@4著 |
| 702 | 0 | @a唐焕文@Atang huan wen@4译 |
| 801 | 0 | @aCN@b上海图书馆@c20040513 |
| 801 | 2 | @aCN@bNLC@c20040513 |
| 905 | @f2@b15941-942@f5@b41289-293@dO151.2@e19 | |
| 矩阵特征问题的计算方法/()高尔腊伊(A.R. Gourlay),()瓦特桑(G.A. Vatson)著/唐焕文等译.-上海:上海科学技术出版社,1980 |
| 153页;19cm |
| 书名原文:Computational methods for matrix eigenproblems |
| ISBN :CNY0.50 |
| ● |
| 相关链接 |
|
|
|
|
正题名:矩阵特征问题的计算方法
索取号:O151.2/19
 
预约/预借
| 序号 | 登录号 | 条形码 | 馆藏地/架位号 | 状态 | 备注 |
| 1 | 0041289 | 000410291 | 第三借阅区/ [索取号:O151.2/19] | 在馆 | |
| 2 | 0041290 | 000410264 | 第三借阅区/ [索取号:O151.2/19] | 在馆 | |
| 3 | 0041291 | 000410317 | 第三借阅区/ [索取号:O151.2/19] | 在馆 | |
| 4 | 0041292 | 000410308 | 第二样本阅览室/ [索取号:O151.2/19] | 在馆 | |
| 5 | 0041293 | 000410326 | 第三借阅区/ [索取号:O151.2/19] | 在馆 | |
| 6 | 0159040 | 001934287 | 第三借阅区/ [索取号:O151.2/19] | 在馆 | |
| 7 | 0159041 | 000410282 | 第三借阅区/ [索取号:O151.2/19] | 在馆 | |
| 8 | 0159042 | 000410273 | 第三借阅区/ [索取号:O151.2/19] | 在馆 |